Supply Chain Cases Leading Authors, Research Themes and Future Direction /

This book provides an overview and analysis of the key publications and authors in the study of supply chain management since its inauguration in the 1980s. Reviewing 1699 published research works and case studies, it is the first to combine and analyse publication data and citations in order to ass...

Full description

Bibliographic Details
Main Author: Hilmola, Olli-Pekka (Author, http://id.loc.gov/vocabulary/relators/aut)
Corporate Author: SpringerLink (Online service)
Format: Electronic eBook
Language:English
Published: Cham : Springer International Publishing : Imprint: Palgrave Pivot, 2018.
Edition:1st ed. 2018.
Subjects:
Online Access:Full Text via HEAL-Link
LEADER 03020nam a2200457 4500
001 978-3-319-71658-9
003 DE-He213
005 20190703191444.0
007 cr nn 008mamaa
008 180102s2018 gw | s |||| 0|eng d
020 |a 9783319716589  |9 978-3-319-71658-9 
024 7 |a 10.1007/978-3-319-71658-9  |2 doi 
040 |d GrThAP 
050 4 |a HD38.5 
072 7 |a KJMV8  |2 bicssc 
072 7 |a BUS087000  |2 bisacsh 
072 7 |a KJMV8  |2 thema 
082 0 4 |a 658.7  |2 23 
100 1 |a Hilmola, Olli-Pekka.  |e author.  |4 aut  |4 http://id.loc.gov/vocabulary/relators/aut 
245 1 0 |a Supply Chain Cases  |h [electronic resource] :  |b Leading Authors, Research Themes and Future Direction /  |c by Olli-Pekka Hilmola. 
250 |a 1st ed. 2018. 
264 1 |a Cham :  |b Springer International Publishing :  |b Imprint: Palgrave Pivot,  |c 2018. 
300 |a XI, 102 p. 16 illus., 9 illus. in color.  |b online resource. 
336 |a text  |b txt  |2 rdacontent 
337 |a computer  |b c  |2 rdamedia 
338 |a online resource  |b cr  |2 rdacarrier 
347 |a text file  |b PDF  |2 rda 
505 0 |a 1 Introduction.- 2 Data Gathering Methods -- 3 Descriptive Analysis -- 4 Early Era 1995-2008: Citations to Published Research Works and Their Authors -- 5 After the Crisis Era 2009-2015: Citations to Published Research Works and Their Authors -- 6 Characteristics of Case Studies that Feature Multiple Cases -- 7 Sustaining High Performer - Supply Chain Risk Management -- 8 Research Methodology and Identifying Key References Used -- 9 Tag Cloud Analyses -- 10 Conclusions. 
520 |a This book provides an overview and analysis of the key publications and authors in the study of supply chain management since its inauguration in the 1980s. Reviewing 1699 published research works and case studies, it is the first to combine and analyse publication data and citations in order to assess the most popular topics and authors, and their effect on the discipline's development. Identifying key scholars and articles throughout supply chain management, the author explores research themes such as the emphasis on sustainability and the environment post-financial crisis, as well as a growing interest in food supply chain case studies. New approaches are identified to increase the number of cases which can be put towards building future research projects. 
650 0 |a Business logistics. 
650 0 |a Management-Study and teaching. 
650 1 4 |a Supply Chain Management.  |0 http://scigraph.springernature.com/things/product-market-codes/519030 
650 2 4 |a Management Education.  |0 http://scigraph.springernature.com/things/product-market-codes/517040 
710 2 |a SpringerLink (Online service) 
773 0 |t Springer eBooks 
776 0 8 |i Printed edition:  |z 9783319716572 
776 0 8 |i Printed edition:  |z 9783319716596 
776 0 8 |i Printed edition:  |z 9783319890937 
856 4 0 |u https://doi.org/10.1007/978-3-319-71658-9  |z Full Text via HEAL-Link 
912 |a ZDB-2-BUM 
950 |a Business and Management (Springer-41169)